<?xml version="1.0" encoding="UTF-8"?>
<record
    xmlns:xsi="http://www.w3.org/2001/XMLSchema-instance"
    xsi:schemaLocation="http://www.loc.gov/MARC21/slim http://www.loc.gov/standards/marcxml/schema/MARC21slim.xsd"
    xmlns="http://www.loc.gov/MARC21/slim">

  <leader>01444dam2a22002531  4500</leader>
  <controlfield tag="001">rc\4099547</controlfield>
  <controlfield tag="005">20250611000300.0</controlfield>
  <datafield tag="035" ind1=" " ind2=" ">
    <subfield code="a">(NLR Aleph) 007974488</subfield>
  </datafield>
  <datafield tag="090" ind1=" " ind2=" ">
    <subfield code="a">8480519</subfield>
    <subfield code="c">8480519</subfield>
  </datafield>
  <datafield tag="100" ind1=" " ind2=" ">
    <subfield code="a">20130415d1967    |||y0rusy50      ca</subfield>
  </datafield>
  <datafield tag="101" ind1="0" ind2=" ">
    <subfield code="a">rus</subfield>
  </datafield>
  <datafield tag="102" ind1=" " ind2=" ">
    <subfield code="a">RU</subfield>
  </datafield>
  <datafield tag="105" ind1=" " ind2=" ">
    <subfield code="a">y   z   |||||</subfield>
  </datafield>
  <datafield tag="200" ind1="0" ind2=" ">
    <subfield code="a">20</subfield>
  </datafield>
  <datafield tag="210" ind1=" " ind2=" ">
    <subfield code="d">1967</subfield>
    <subfield code="a">&#x411;. &#x43C;.</subfield>
  </datafield>
  <datafield tag="300" ind1=" " ind2=" ">
    <subfield code="a">&#x421; 1968 &#x433;. &#x438;&#x437;&#x434;. &#x445;&#x440;&#x430;&#x43D;&#x438;&#x442;&#x441;&#x44F; &#x432; &#x436;&#x443;&#x440;&#x43D;. &#x444;&#x43E;&#x43D;&#x434;&#x435;, &#x441;&#x43C;. &#x43A;&#x430;&#x442;&#x430;&#x43B;&#x43E;&#x433; &#x43F;&#x435;&#x440;&#x438;&#x43E;&#x434;&#x438;&#x447;&#x435;&#x441;&#x43A;&#x438;&#x445; &#x438;&#x437;&#x434;. &#x428;&#x438;&#x444;&#x440;: &#x41F;1/387</subfield>
  </datafield>
  <datafield tag="300" ind1=" " ind2=" ">
    <subfield code="a">&#x412;&#x44B;&#x448;&#x43B;&#x43E; &#x432; &#x441;&#x43B;&#x435;&#x434;. &#x432;&#x44B;&#x43F;.: [5] &#x413;&#x435;&#x43E;&#x433;&#x440;&#x430;&#x444;&#x438;&#x44F; &#x438; &#x433;&#x435;&#x43E;&#x43B;&#x43E;&#x433;&#x438;&#x44F;; [1] &#x418;&#x441;&#x442;&#x43E;&#x440;&#x438;&#x447;&#x435;&#x441;&#x43A;&#x438;&#x435; &#x43D;&#x430;&#x443;&#x43A;&#x438;; [2] &#x41C;&#x430;&#x442;&#x435;&#x43C;&#x430;&#x442;&#x438;&#x43A;&#x430;; [4] &#x424;&#x438;&#x437;&#x438;&#x43A;&#x430;; [3] &#x424;&#x438;&#x43B;&#x43E;&#x43B;&#x43E;&#x433;&#x438;&#x447;&#x435;&#x441;&#x43A;&#x438;&#x435; &#x43D;&#x430;&#x443;&#x43A;&#x438;; [6] &#x424;&#x438;&#x43B;&#x43E;&#x441;&#x43E;&#x444;&#x438;&#x44F;</subfield>
  </datafield>
  <datafield tag="461" ind1=" " ind2="0">
    <subfield code="1">001rc\4099542</subfield>
    <subfield code="1">2001#$a&#x413;&#x435;&#x440;&#x446;&#x435;&#x43D;&#x43E;&#x432;&#x441;&#x43A;&#x438;&#x435; &#x447;&#x442;&#x435;&#x43D;&#x438;&#x44F;$e&#x41C;&#x430;&#x442;&#x435;&#x440;&#x438;&#x430;&#x43B;&#x44B; &#x43C;&#x435;&#x436;&#x432;&#x443;&#x437;&#x43E;&#x432;&#x441;&#x43A;&#x43E;&#x439; &#x43A;&#x43E;&#x43D;&#x444;&#x435;&#x440;&#x435;&#x43D;&#x446;&#x438;&#x438;$f&#x41B;&#x435;&#x43D;&#x438;&#x43D;&#x433;&#x440;. &#x43E;&#x440;&#x434;&#x435;&#x43D;&#x430; &#x422;&#x440;&#x443;&#x434;. &#x41A;&#x440;&#x430;&#x441;&#x43D;&#x43E;&#x433;&#x43E; &#x417;&#x43D;&#x430;&#x43C;&#x435;&#x43D;&#x438; &#x433;&#x43E;&#x441;. &#x43F;&#x435;&#x434;. &#x438;&#x43D;-&#x442; &#x438;&#x43C;. &#x410;.&#x418;. &#x413;&#x435;&#x440;&#x446;&#x435;&#x43D;&#x430;$v20</subfield>
    <subfield code="9">8480489</subfield>
    <subfield code="c">&#x41B;&#x435;&#x43D;&#x438;&#x43D;&#x433;&#x440;&#x430;&#x434;</subfield>
    <subfield code="d">1954-1978</subfield>
    <subfield code="f">&#x41B;&#x435;&#x43D;&#x438;&#x43D;&#x433;&#x440;. &#x43E;&#x440;&#x434;&#x435;&#x43D;&#x430; &#x422;&#x440;&#x443;&#x434;. &#x41A;&#x440;&#x430;&#x441;&#x43D;&#x43E;&#x433;&#x43E; &#x417;&#x43D;&#x430;&#x43C;&#x435;&#x43D;&#x438; &#x433;&#x43E;&#x441;. &#x43F;&#x435;&#x434;. &#x438;&#x43D;-&#x442; &#x438;&#x43C;. &#x410;.&#x418;. &#x413;&#x435;&#x440;&#x446;&#x435;&#x43D;&#x430;</subfield>
    <subfield code="n">&#x411;. &#x438;.</subfield>
    <subfield code="o">&#x41C;&#x430;&#x442;&#x435;&#x440;&#x438;&#x430;&#x43B;&#x44B; &#x43C;&#x435;&#x436;&#x432;&#x443;&#x437;&#x43E;&#x432;&#x441;&#x43A;&#x43E;&#x439; &#x43A;&#x43E;&#x43D;&#x444;&#x435;&#x440;&#x435;&#x43D;&#x446;&#x438;&#x438;</subfield>
    <subfield code="t">&#x413;&#x435;&#x440;&#x446;&#x435;&#x43D;&#x43E;&#x432;&#x441;&#x43A;&#x438;&#x435; &#x447;&#x442;&#x435;&#x43D;&#x438;&#x44F;</subfield>
    <subfield code="v">20</subfield>
  </datafield>
  <datafield tag="801" ind1=" " ind2="0">
    <subfield code="a">RU</subfield>
    <subfield code="b">NLR</subfield>
    <subfield code="g">psbo</subfield>
  </datafield>
  <datafield tag="801" ind1=" " ind2="1">
    <subfield code="a">RU</subfield>
    <subfield code="b">ELAR</subfield>
    <subfield code="2">rusmarc</subfield>
  </datafield>
  <datafield tag="852" ind1=" " ind2=" ">
    <subfield code="a">NLR</subfield>
    <subfield code="j">67-3/2904</subfield>
  </datafield>
  <datafield tag="942" ind1=" " ind2=" ">
    <subfield code="c">BOOK</subfield>
  </datafield>
  <datafield tag="980" ind1=" " ind2=" ">
    <subfield code="a">NB</subfield>
  </datafield>
</record>
